<?xml version="1.0" encoding="UTF-8"?>
<marc:record xmlns:marc="http://www.loc.gov/MARC21/slim">
   <marc:leader>00000nam a2200000 a 4500</marc:leader>
   <marc:datafield ind1="1" ind2=" " tag="100">
      <marc:subfield code="a">Jobus Branislav</marc:subfield>
      <marc:subfield code="4">aut</marc:subfield>
      <marc:subfield code="e">Verfasser/-in</marc:subfield>
   </marc:datafield>
   <marc:datafield ind1=" " ind2=" " tag="653">
      <marc:subfield code="a">Kinderbuch</marc:subfield>
   </marc:datafield>
   <marc:datafield ind1="0" ind2="0" tag="245">
      <marc:subfield code="a">Šporko Šamrolka a vrecožrúti</marc:subfield>
   </marc:datafield>
   <marc:datafield ind1="0" ind2="0" tag="245">
      <marc:subfield code="b">Kinderbuch</marc:subfield>
   </marc:datafield>
   <marc:datafield ind1="0" ind2="0" tag="245">
      <marc:subfield code="c">Jobus Branislav</marc:subfield>
   </marc:datafield>
   <marc:datafield ind1=" " ind2="1" tag="264">
      <marc:subfield code="a">Bratislava</marc:subfield>
      <marc:subfield code="b">Slovart, spol.s.r.o.</marc:subfield>
      <marc:subfield code="c">2025</marc:subfield>
   </marc:datafield>
   <marc:datafield ind1=" " ind2=" " tag="250">
      <marc:subfield code="a">Prvé vydanie</marc:subfield>
   </marc:datafield>
   <marc:datafield ind1="1" ind2=" " tag="520">
      <marc:subfield code="a">Šporko Šamrolka túži po hodinkách s vodotryskom. Ale ako si na ne našetriť?&#xD;
&#xD;
Možno keď odnesie plastové fľaše a plechovky do zálohomatu, tak sa to postupne nazbiera.&#xD;
Zamestná sa ako šofér smetiarskeho auta, aby sa k vzácnemu odpadu ľahšie dostal. Na zbernom dvore stretne čudnú stvoru Achillu Semetriku a hneď sa mu zdá podozrivá, Zdá sa, že vykráda zo starých elektrospotrebičov vzácne kovy. Spolu s novinárkou Krišpínou Dolinovou odhalia Semetrikine podvody a zachránia zmiznutého profesora Cuca.&#xD;
Šporko nakoniec hodinky s vodotryskom nájde u recyklátora, ale oveľa dôležitejšie je, že zistil, ako sa dá triediť a recyklovať odpad a tým pomáhať prírode. A úplne najdôležitejšie je, že našiel svoju Krišpínku.</marc:subfield>
   </marc:datafield>
   <marc:datafield ind1=" " ind2=" " tag="020">
      <marc:subfield code="a">9788055672793</marc:subfield>
      <marc:subfield code="9">9788055672793</marc:subfield>
   </marc:datafield>
   <marc:datafield ind1=" " ind2=" " tag="338">
      <marc:subfield code="a">Band</marc:subfield>
   </marc:datafield>
   <marc:datafield ind1=" " ind2=" " tag="300">
      <marc:subfield code="a">132 Seiten</marc:subfield>
   </marc:datafield>
</marc:record>
